02272nam a22003857a 450000500170000000800410001702000180005804000250007604100080010104400070010908200190011610000300013524501880016526000970035330000500045050400540050050500450055450500300059950500310062950500300066052007690069065000240145965000340148365000350151765000370155265000340158965000340162365000390165770000330169670000280172970000330175770000240179070000340181470000380184820170708020002.0130822b2012 ck ||||| |||| 00| 0 spa d a9789588343846 aCO-BoIAVHcCO-BoIAVH aspa ack a581.634bH919p1 aMatapí-Yucuna, Uldarico10aPlantas y territorio en los sistemas tradicionales de salud en Colombiabcontribuciones de la biodiversidad al bienestar humano y la autonomíacUldarico Matapí Yucuna ... [et al]. aBogotábInstituto de Investigación de Recursos Biológicos Alexander von Humboldtc2012 a192 páginas :bilustraciones ;c22 x 21 cm. aIncluye referencias bibliográficas (p. 190-191)0 aCapítulo 1 - Pensamiento y territorio.0 aCapítulo 2 - Humanidad.0 aCapítulo 3 - Enfermedad.0 aCapítulo 4 - Medicinas. aPublicación inscrita en el proceso de investigación del Instituto Humboldt y su programa dimensiones Socioeconómicas de la Conservación y Uso de la Biodiversidad alrededor de los usos y el aprovechamiento de la biodiversidad y sus contribuciones al ser humano. El documento reúne los resultados obtenidos mediante cinco estudios de caso realizados con comunidades indígenas de la Costa Caribe y Upichía (Matapí) de la Amazonía, afrodescendientes de Nuquí en el Pacífico chocoano y de Palenque de San Basilio en el departamento de Bolívar, y campesinos del páramo de Rabanal en el Altiplano Cundiboyacense. Describe la importancia de las plantas medicinales en la construcción de sistemas locales de salud y el manejo del territorio. 6aPlantas medicinales 6aBotánica médicazColombia 6aMedicina tradicionalzColombia 6aPoblación indígenazColombia 6aPolítica de saludzColombia 6aPolítica médicazColombia 6aConocimiento tradicionalzColombia1 aMeléndez-Santacruz, Iván1 aPérez-Salinas, Manuel1 aRodríguez-Gómez, Rubén1 aMartínez, Gustavo1 aVásquez, Carlosecompilador1 aRestrepo, Sebastiánecompilador